| 000 | 00443nam a2200193Ia 4500 | ||
|---|---|---|---|
| 003 | 0100 | ||
| 008 | 130303s9999 xx 000 0 und d | ||
| 020 | _a0852441487 | ||
| 040 | _cARRUPELIB | ||
| 050 | _aB3643.P93R73 1989 | ||
| 100 | _aRosmini, Antonio | ||
| 245 | _aPrinciples of ethics | ||
| 260 | _aLeominster | ||
| 260 | _bFlower Wright Books | ||
| 260 | _C1989 | ||
| 300 | _axvi | ||
| 300 | _b 111p. 22cm. | ||
| 942 |
_2lcc _010 |
||
| 999 |
_c59694 _d59694 |
||